[Event "Pocos de Caldas op"]
[Site "Pocos de Caldas"]
[Date "2022.03.12"]
[Round "3"]
[White "Rezende, Guilherme Vilela"]
[Black "Cardoso, Marcio de Lucca"]
[Result "0-1"]
[WhiteElo "2115"]
[BlackElo "1828"]
[PlyCount "82"]
[EventDate "2022.03.11"]
[EventType "swiss"]
[EventRounds "6"]
[EventCountry "BRA"]
[SourceTitle "CBM 207 Extra"]
[Source "ChessBase"]
[SourceDate "2022.05.31"]
[SourceVersion "1"]
[SourceVersionDate "2022.05.31"]
[SourceQuality "1"]

1. c4 e6 2. g3 d5 3. Bg2 Nf6 4. Nf3 Be7 5. 0-0 0-0 6. b3 c5 7. Bb2 Nc6 8. cxd5 exd5 9. d4 b6 10. Nbd2 Bf5 11. Rc1 Rc8 12. dxc5 Bxc5 13. a3 a5 14. Nb1 Qe7 15. Bxf6 Qxf6 16. Qxd5 Rfd8 17. Qc4 Bxb1 18. Rxb1 Bxa3 19. Bh3 Rb8 20. Rfd1 Bc5 21. Bg2 h6 22. e3 Rd6 23. Rxd6 Qxd6 24. Nh4 Ne5 25. Qa4 g6 26. Nf3 Rd8 27. Qe4 Nxf3+ 28. Bxf3 Qe7 29. Qc4 Qf6 30. Bd5 Kg7 31. Rd1 Rd6 32. Kg2 Qf5 33. h3 Rf6 34. Qe2 Qe5 35. Rd3 Rd6 36. f4 Qa1 37. g4 g5 38. f5 Qe5 39. e4 Rd8 40. Qc2 f6 41. Qc3 Rxd5 0-1

[Event "Pocos de Caldas op"]
[Site "Pocos de Caldas"]
[Date "2016.02.26"]
[Round "2"]
[White "Rezende, Guilherme Vilela"]
[Black "Serafim Junior, Arnor"]
[Result "1-0"]
[WhiteElo "2137"]
[BlackElo "1856"]
[PlyCount "69"]
[EventDate "2016.02.26"]
[EventType "swiss"]
[EventRounds "6"]
[EventCountry "BRA"]
[SourceTitle "EXT 2017"]
[Source "ChessBase"]
[SourceDate "2016.10.25"]
[SourceVersion "1"]
[SourceVersionDate "2016.10.25"]
[SourceQuality "1"]

1. Nf3 Nf6 2. g3 g6 3. Bg2 Bg7 4. 0-0 0-0 5. d3 d5 6. Nbd2 Bg4 7. h3 Bf5 8. c3 Qc8 9. Kh2 c6 10. Qc2 Na6 11. e4 Bd7 12. Re1 Qc7 13. Nf1 dxe4 14. dxe4 e5 15. b3 Rfd8 16. Ba3 c5 17. Ne3 Bc6 18. Nd2 b5 19. Rad1 Rac8 20. c4 Qa5 21. cxb5 Bxb5 22. Ndc4 Qc7 23. Nd5 Nxd5 24. exd5 Nb4 25. Bxb4 cxb4 26. d6 Qc5 27. Rd5 Qc6 28. Rdxe5 Qa6 29. Re7 Bd7 30. Bd5 Be6 31. R7xe6 fxe6 32. Rxe6 Kf8 33. d7 Rxc4 34. Bxc4 Qb7 35. Qe2 1-0

[Event "Goiania-ch"]
[Site "Goiania"]
[Date "2016.02.21"]
[Round "5"]
[White "De Araujo, Mauro Rogerio Peixo"]
[Black "Rezende, Guilherme Vilela"]
[Result "1/2-1/2"]
[WhiteElo "1767"]
[BlackElo "2137"]
[PlyCount "112"]
[EventDate "2016.02.19"]
[EventType "swiss"]
[EventRounds "6"]
[EventCountry "BRA"]
[SourceTitle "CBM 171 Extra"]
[Source "ChessBase"]
[SourceDate "2016.04.26"]
[SourceVersion "1"]
[SourceVersionDate "2016.04.26"]
[SourceQuality "1"]

1. c4 g6 2. Nc3 Bg7 3. Nf3 c5 4. g3 b6 5. Bg2 Bb7 6. 0-0 e6 7. d3 d6 8. Qc2 Ne7 9. Bg5 h6 10. Bf4 g5 11. Bc1 Nbc6 12. e3 Ng6 13. a3 g4 14. Nd2 Qd7 15. Qa4 h5 16. Rb1 h4 17. Ne2 a5 18. Rd1 hxg3 19. fxg3 Nge5 20. d4 cxd4 21. Nxd4 0-0-0 22. Nxc6 Bxc6 23. Bxc6 Nxc6 24. Ne4 Be5 25. c5 d5 26. cxb6 Qb7 27. Nc5 Qxb6 28. b4 d4 29. Bb2 dxe3 30. Bxe5 Nxe5 31. Kg2 Rd2+ 32. Rxd2 exd2 33. Qc2 Qc6+ 34. Qe4 Qxe4+ 35. Nxe4 Nf3 36. h4 Rd8 37. Nf2 axb4 38. axb4 f5 39. Ra1 Kb7 40. Rd1 Kb6 41. Rh1 e5 42. h5 Ng5 43. Nd1 Rh8 44. Ne3 Nf3 45. Kf2 Rf8 46. h6 Ng5 47. h7 Nh3+ 48. Ke2 Rh8 49. Nxf5 Rxh7 50. Kxd2 Rf7 51. Ne3 Rf2+ 52. Kc1 Ra2 53. Kb1 Ra4 54. Nc4+ Kb5 55. Nxe5 Rxb4+ 56. Kc2 Re4 1/2-1/2

[Event "Goiania-ch"]
[Site "Goiania"]
[Date "2016.02.20"]
[Round "3"]
[White "De Miranda, Alexandre Pinto"]
[Black "Rezende, Guilherme Vilela"]
[Result "1-0"]
[WhiteElo "2100"]
[BlackElo "2137"]
[PlyCount "113"]
[EventDate "2016.02.19"]
[EventType "swiss"]
[EventRounds "6"]
[EventCountry "BRA"]
[SourceTitle "CBM 171 Extra"]
[Source "ChessBase"]
[SourceDate "2016.04.26"]
[SourceVersion "1"]
[SourceVersionDate "2016.04.26"]
[SourceQuality "1"]

1. e4 c5 2. Nf3 d6 3. d4 cxd4 4. Qxd4 Nc6 5. Bb5 Bg4 6. Qa4 Bd7 7. Nc3 a6 8. Bxc6 bxc6 9. Qd4 e5 10. Qd3 Be7 11. Be3 Qb8 12. 0-0-0 Qb7 13. Nd2 Rb8 14. b3 Nf6 15. Nc4 0-0 16. Nxd6 Qc7 17. Bc5 Be6 18. Qg3 Nh5 19. Qxe5 Bf6 20. Qxh5 Bxc3 21. Bd4 Bxd4 22. Rxd4 c5 23. Rd3 c4 24. Nxc4 Bxc4 25. bxc4 Qf4+ 26. Re3 Rb6 27. Qf5 Qh6 28. f4 Qc6 29. Qd5 Qc7 30. e5 Rd8 31. Qe4 Rb4 32. Rd3 Rc8 33. Rhd1 g6 34. e6 Rxc4 35. exf7+ Kg7 36. f8Q+ Kxf8 37. Rd8+ Rxd8 38. Rxd8+ Qxd8 39. Qxc4 Qb6 40. Qe4 Qg1+ 41. Kb2 Qxh2 42. c4 Qg1 43. Kb3 Qb6+ 44. Kc2 Qf2+ 45. Kb3 Qb6+ 46. Kc3 Qa5+ 47. Kd4 Qxa2 48. c5 Qa4+ 49. Ke5 Qxe4+ 50. Kxe4 Ke7 51. Kd5 Kd7 52. g4 h5 53. gxh5 gxh5 54. f5 h4 55. Ke4 a5 56. f6 a4 57. c6+ 1-0

[Event "Goiania-ch"]
[Site "Goiania"]
[Date "2016.02.19"]
[Round "1"]
[White "Rosa, Paulo Estevao"]
[Black "Rezende, Guilherme Vilela"]
[Result "0-1"]
[WhiteElo "1806"]
[BlackElo "2137"]
[PlyCount "142"]
[EventDate "2016.02.19"]
[EventType "swiss"]
[EventRounds "6"]
[EventCountry "BRA"]
[SourceTitle "CBM 171 Extra"]
[Source "ChessBase"]
[SourceDate "2016.04.26"]
[SourceVersion "1"]
[SourceVersionDate "2016.04.26"]
[SourceQuality "1"]

1. e3 g6 2. c4 Bg7 3. Nc3 Nf6 4. f4 c5 5. Nf3 Nc6 6. Be2 0-0 7. 0-0 d5 8. cxd5 Nxd5 9. a3 b6 10. Qc2 Bb7 11. b3 Nxc3 12. dxc3 Qc7 13. Bb2 Rad8 14. Ng5 e6 15. c4 Bxb2 16. Qxb2 Qe7 17. Ne4 Nd4 18. Bd3 Bxe4 19. Bxe4 Nf5 20. Qc3 Rd7 21. Rad1 Rfd8 22. Bf3 Rxd1 23. Rxd1 Rxd1+ 24. Bxd1 Qd7 25. Be2 h5 26. Kf2 Qd8 27. g3 Kh7 28. Qd3 Qf6 29. e4 Nd4 30. e5 Qd8 31. Bxh5 Kg7 32. Bd1 a5 33. h4 a4 34. b4 Qa8 35. bxc5 bxc5 36. Bf3 Qb8 37. Bd1 Qb2+ 38. Ke1 Qg2 39. Bxa4 Qg1+ 40. Kd2 Qf2+ 41. Kd1 Nf3 42. Qd8 Qe1+ 43. Kc2 Nd4+ 44. Kb2 Qd2+ 45. Kb1 Qd3+ 46. Kb2 Qd2+ 47. Kb1 Qe1+ 48. Kb2 Qe2+ 49. Kb1 Qxc4 50. Qf6+ Kg8 51. Qd8+ Kh7 52. Qd7 Kg7 53. Qa7 Ne2 54. Be8 Qc1+ 55. Ka2 Qc2+ 56. Ka1 Kh6 57. Qxf7 Qc3+ 58. Ka2 Qc4+ 59. Ka1 Qd4+ 60. Kb1 Qd3+ 61. Ka1 Qxa3+ 62. Kb1 Qb3+ 63. Ka1 Qc3+ 64. Kb1 Qd3+ 65. Kb2 Qc3+ 66. Kb1 Qc1+ 67. Ka2 Qc2+ 68. Ka3 Nd4 69. Qb7 Qc3+ 70. Ka2 Qxg3 71. Qe4 Qb3+ 0-1

[Event "Sao Sebastiao IRT op"]
[Site "Sao Sebastiao do Paraiso"]
[Date "2016.02.14"]
[Round "4"]
[White "Rezende, Guilherme Vilela"]
[Black "Bonvini, Alberto Tonhati"]
[Result "1/2-1/2"]
[WhiteElo "2137"]
[BlackElo "1822"]
[PlyCount "85"]
[EventDate "2016.02.13"]
[EventType "swiss"]
[EventRounds "5"]
[EventCountry "BRA"]
[SourceTitle "CBM 170 Extra"]
[Source "ChessBase"]
[SourceDate "2016.02.25"]
[SourceVersion "1"]
[SourceVersionDate "2016.02.25"]
[SourceQuality "1"]

1. Nf3 Nf6 2. g3 g6 3. Bg2 Bg7 4. 0-0 d5 5. d3 b6 6. c4 e6 7. Qa4+ Bd7 8. Qa3 c5 9. cxd5 exd5 10. Ne5 Nc6 11. Nxd7 Qxd7 12. Nc3 0-0 13. Qa4 Rac8 14. Qh4 Nd4 15. Bg5 Nf5 16. Qf4 d4 17. Bxf6 Bxf6 18. Ne4 Bg7 19. g4 Ne7 20. g5 Nd5 21. Qh4 Rcd8 22. Bh3 Qe7 23. f4 f5 24. gxf6 Bxf6 25. Qh6 Ne3 26. Rf3 Rd5 27. f5 Nxf5 28. Bxf5 Rxf5 29. Rxf5 gxf5 30. Nxf6+ Rxf6 31. Qf4 Rg6+ 32. Kf2 Rg4 33. Qh6 f4 34. Qh3 Qe3+ 35. Qxe3 fxe3+ 36. Kf3 Rg6 37. Rc1 Rf6+ 38. Ke4 Rf2 39. Rc2 Rxh2 40. b4 h5 41. bxc5 bxc5 42. Rxc5 Rxe2 43. Kxd4 1/2-1/2

[Event "Sao Sebastiao IRT op"]
[Site "Sao Sebastiao do Paraiso"]
[Date "2016.02.13"]
[Round "3"]
[White "De Oliveira, Oseas Alves"]
[Black "Rezende, Guilherme Vilela"]
[Result "0-1"]
[WhiteElo "1590"]
[BlackElo "2137"]
[PlyCount "94"]
[EventDate "2016.02.13"]
[EventType "swiss"]
[EventRounds "5"]
[EventCountry "BRA"]
[SourceTitle "CBM 170 Extra"]
[Source "ChessBase"]
[SourceDate "2016.02.25"]
[SourceVersion "1"]
[SourceVersionDate "2016.02.25"]
[SourceQuality "1"]

1. d4 Nf6 2. c4 e6 3. Nf3 Bb4+ 4. Bd2 c5 5. Nc3 cxd4 6. Nxd4 b6 7. Nc2 Be7 8. e4 d6 9. g3 Bb7 10. Bg2 0-0 11. 0-0 Qc8 12. Qe2 a6 13. Be3 Nbd7 14. Nd4 Qc7 15. Rac1 Rac8 16. b3 Nc5 17. f3 Rfe8 18. Qd2 Qb8 19. Bh3 Rcd8 20. Rfd1 d5 21. exd5 exd5 22. Bf4 Qa8 23. Bc7 dxc4 24. Bxd8 Rxd8 25. bxc4 Bxf3 26. Bg2 Rxd4 27. Bxf3 Qxf3 28. Qxd4 Ne6 29. Qxb6 h5 30. Na4 Ne4 31. Rf1 Qa3 32. Qa5 Qd6 33. Rcd1 Qc6 34. Rf5 N6g5 35. Rfd5 Nh3+ 36. Kg2 Nhf2 37. Rf1 Ng4 38. h3 Ngf6 39. Nc3 Nxc3 40. Qxc3 Nxd5 41. Qf3 Ne3+ 42. Kh2 Nxf1+ 43. Qxf1 h4 44. gxh4 Bd6+ 45. Kg1 Bc5+ 46. Kh2 Qd6+ 47. Kh1 Qg3 0-1

[Event "Florianopolis op 2nd"]
[Site "Florianopolis"]
[Date "2016.01.21"]
[Round "9"]
[White "Pires, Marcos Vinicius Tor"]
[Black "Rezende, Guilherme Vilela"]
[Result "0-1"]
[WhiteElo "2262"]
[BlackElo "2130"]
[PlyCount "112"]
[EventDate "2016.01.16"]
[EventType "swiss"]
[EventRounds "10"]
[EventCountry "BRA"]
[SourceTitle "CBM 170 Extra"]
[Source "ChessBase"]
[SourceDate "2016.02.25"]
[SourceVersion "1"]
[SourceVersionDate "2016.02.25"]
[SourceQuality "1"]

1. Nf3 Nf6 2. c4 e6 3. g3 d5 4. Bg2 Be7 5. 0-0 0-0 6. b3 c6 7. Bb2 Nbd7 8. d3 b6 9. Qc2 Bb7 10. e4 dxe4 11. dxe4 Qc7 12. e5 Ng4 13. Re1 Rfe8 14. Nbd2 Nf8 15. h3 Nh6 16. Ne4 c5 17. Qc1 Bxe4 18. Rxe4 Rad8 19. g4 Rd7 20. Bc3 Red8 21. Re1 Kh8 22. Bd2 Ng8 23. Bf4 Ng6 24. Bg3 Bf8 25. Ng5 h6 26. Ne4 Rd3 27. Nd6 Rxg3 28. fxg3 Nxe5 29. Nb5 Qb8 30. Qf4 f6 31. Red1 a6 32. Nc3 Rd4 33. Rxd4 cxd4 34. Ne4 Ne7 35. Kh2 N7g6 36. Qf2 Bc5 37. a3 Qd8 38. Qd2 d3 39. Rf1 Bxa3 40. Nxf6 gxf6 41. Qxh6+ Kg8 42. Be4 Bf8 43. Qh5 Kf7 44. g5 f5 45. g4 Qd6 46. Kh1 Ke7 47. gxf5 exf5 48. Bxf5 d2 49. Bc2 Qc6+ 50. Kh2 Qd6 51. Kh1 Kd8 52. Qe2 Be7 53. Qe4 Kc7 54. h4 Qe6 55. Qe3 Qg4 56. Qxd2 Qh3+ 0-1

[Event "Florianopolis op 2nd"]
[Site "Florianopolis"]
[Date "2016.01.21"]
[Round "8"]
[White "Rezende, Guilherme Vilela"]
[Black "Yoshioka, Andre"]
[Result "1-0"]
[WhiteElo "2130"]
[BlackElo "1857"]
[PlyCount "97"]
[EventDate "2016.01.16"]
[EventType "swiss"]
[EventRounds "10"]
[EventCountry "BRA"]
[SourceTitle "CBM 170 Extra"]
[Source "ChessBase"]
[SourceDate "2016.02.25"]
[SourceVersion "1"]
[SourceVersionDate "2016.02.25"]
[SourceQuality "1"]

1. Nf3 c5 2. g3 Nc6 3. Bg2 e5 4. d3 g6 5. 0-0 Bg7 6. Na3 Nge7 7. e4 d6 8. h3 0-0 9. Nc4 b5 10. Ne3 Rb8 11. c3 h6 12. Nh4 Kh7 13. Qe1 Be6 14. f4 f5 15. Qe2 Qd7 16. Kh2 b4 17. Nd5 bxc3 18. bxc3 fxe4 19. dxe4 exf4 20. gxf4 Bxd5 21. exd5 Na5 22. Qc2 Nf5 23. Nxf5 gxf5 24. Rg1 Qb5 25. Bf1 c4 26. Qg2 Qd7 27. Ba3 Rf6 28. Bb4 Nb7 29. Bxc4 Qf7 30. Bd3 a5 31. Ba3 Rg6 32. Qxg6+ Qxg6 33. Rxg6 Kxg6 34. Rg1+ Kf7 35. Rb1 Bxc3 36. Bxd6 Nxd6 37. Rxb8 Bd2 38. Kg3 Be1+ 39. Kf3 h5 40. Rh8 Kg6 41. Rg8+ Kh6 42. a3 Bh4 43. Ra8 Kg7 44. Ra7+ Kg8 45. Rd7 Nf7 46. Bxf5 Kf8 47. Bg6 Be7 48. Bxf7 Kxf7 49. d6 1-0

[Event "Florianopolis op 2nd"]
[Site "Florianopolis"]
[Date "2016.01.20"]
[Round "7"]
[White "Pereira, Silvio Cunha"]
[Black "Rezende, Guilherme Vilela"]
[Result "1-0"]
[WhiteElo "2305"]
[BlackElo "2130"]
[PlyCount "63"]
[EventDate "2016.01.16"]
[EventType "swiss"]
[EventRounds "10"]
[EventCountry "BRA"]
[SourceTitle "CBM 170 Extra"]
[Source "ChessBase"]
[SourceDate "2016.02.25"]
[SourceVersion "1"]
[SourceVersionDate "2016.02.25"]
[SourceQuality "1"]

1. e4 c5 2. Nf3 d6 3. d4 cxd4 4. Qxd4 Nc6 5. Bb5 Bd7 6. Bxc6 Bxc6 7. c4 Nf6 8. Nc3 g6 9. 0-0 Bg7 10. Re1 0-0 11. Qd2 a6 12. Rb1 Nd7 13. b3 Ne5 14. Nd4 Bd7 15. Bb2 h5 16. Rbd1 b5 17. f4 Bh6 18. Nd5 e6 19. Qc3 exd5 20. fxe5 dxe5 21. Nf5 gxf5 22. Qxe5 Kh7 23. Rxd5 Qb6+ 24. c5 Qe6 25. Qd4 Rg8 26. Rxd7 Qg6 27. Qf2 Rae8 28. Rd6 Re6 29. Rxe6 fxe6 30. exf5 exf5 31. Re7+ Bg7 32. Qd4 1-0

[Event "Sao Paulo Hebraica op 23rd"]
[Site "Sao Paulo"]
[Date "2016.01.09"]
[Round "3"]
[White "Soares, Hashimoto Marcio"]
[Black "Rezende, Guilherme Vilela"]
[Result "0-1"]
[WhiteElo "1783"]
[BlackElo "2130"]
[PlyCount "42"]
[EventDate "2016.01.08"]
[EventType "swiss"]
[EventRounds "6"]
[EventCountry "BRA"]
[SourceTitle "CBM 170 Extra"]
[Source "ChessBase"]
[SourceDate "2016.02.25"]
[SourceVersion "1"]
[SourceVersionDate "2016.02.25"]
[SourceQuality "1"]

1. c4 g6 2. Nc3 Bg7 3. g3 c5 4. Bg2 Nc6 5. e4 Nh6 6. d3 0-0 7. Nf3 f5 8. 0-0 fxe4 9. dxe4 d6 10. Re1 Ng4 11. Ng5 Bd4 12. Be3 Nf6 13. Qe2 Ng4 14. Bxd4 Nxd4 15. Qd3 h6 16. Nh3 Ne5 17. Qd1 Ndf3+ 18. Kh1 Nxe1 19. Nf4 Nxg2 20. Kxg2 Qd7 21. Ncd5 e6 0-1

[Event "American Continental 10th"]
[Site "Praia da Pipa"]
[Date "2014.10.21"]
[Round "5"]
[White "Rezende, Guilherme Vilela"]
[Black "Serafim Junior, Arnor"]
[Result "1/2-1/2"]
[WhiteElo "2110"]
[BlackElo "1811"]
[PlyCount "43"]
[EventDate "2014.10.18"]
[EventType "swiss"]
[EventRounds "11"]
[EventCountry "BRA"]
[SourceTitle "EXT 2015"]
[Source "ChessBase"]
[SourceDate "2014.11.20"]
[SourceVersion "1"]
[SourceVersionDate "2014.11.20"]
[SourceQuality "1"]

1. d4 Nf6 2. c4 e6 3. Nc3 d5 4. cxd5 exd5 5. Bg5 Be7 6. Qc2 c6 7. e3 Be6 8. Bd3 h6 9. Bf4 Nbd7 10. h3 Rc8 11. Nf3 0-0 12. 0-0 a6 13. Rfd1 c5 14. Rac1 c4 15. Bf1 b5 16. e4 b4 17. Nxd5 Nxd5 18. exd5 Bxd5 19. Ne5 Nb6 20. Qd2 a5 21. Qe3 Bg5 22. Bxg5 1/2-1/2

[Event "American Continental 10th"]
[Site "Praia da Pipa"]
[Date "2014.10.20"]
[Round "4"]
[White "Feliciano Ebert, Vanessa"]
[Black "Rezende, Guilherme Vilela"]
[Result "1-0"]
[WhiteElo "2252"]
[BlackElo "2110"]
[PlyCount "99"]
[EventDate "2014.10.18"]
[EventType "swiss"]
[EventRounds "11"]
[EventCountry "BRA"]
[SourceTitle "EXT 2015"]
[Source "ChessBase"]
[SourceDate "2014.11.20"]
[SourceVersion "1"]
[SourceVersionDate "2014.11.20"]
[SourceQuality "1"]

1. e4 c5 2. Nf3 d6 3. Bb5+ Nd7 4. d4 cxd4 5. Qxd4 e5 6. Qd3 Ngf6 7. Bg5 a6 8. Bxd7+ Bxd7 9. Nc3 Rc8 10. 0-0 Be6 11. Bxf6 Qxf6 12. Nd5 Qd8 13. c4 Be7 14. Rfd1 0-0 15. b3 Rc6 16. a4 f5 17. Nd2 Bg5 18. exf5 Bxf5 19. Ne4 Qe8 20. f3 Qg6 21. a5 Bh4 22. Rf1 h5 23. Qe2 Bd8 24. Rad1 Rc8 25. b4 Re8 26. Kh1 Kh8 27. Ndc3 Bc7 28. Rd2 Bb8 29. Rfd1 Re6 30. Ng3 Ba7 31. Nxf5 Qxf5 32. Rxd6 Rxd6 33. Rxd6 Bd4 34. Ne4 Qf4 35. Qf1 Qe3 36. c5 Rf8 37. Qd1 Kh7 38. Qb1 Kh8 39. Qd1 Kh7 40. Qb1 Kh8 41. Rd7 Kg8 42. Qd1 h4 43. h3 Rb8 44. Qb1 Rf8 45. Rxb7 Rxf3 46. Ng5 Qxg5 47. gxf3 Qg3 48. Rb8+ Kf7 49. Qf5+ Ke7 50. Rb7+ 1-0

[Event "Juiz de Fora op"]
[Site "Juiz de Fora"]
[Date "2014.09.28"]
[Round "6"]
[White "Chang, Suzana"]
[Black "Rezende, Guilherme Vilela"]
[Result "0-1"]
[WhiteElo "1957"]
[BlackElo "2101"]
[PlyCount "74"]
[EventDate "2014.09.26"]
[EventType "swiss"]
[EventRounds "6"]
[EventCountry "BRA"]
[SourceTitle "CBM 162 Extra"]
[Source "ChessBase"]
[SourceDate "2014.10.17"]
[SourceVersion "1"]
[SourceVersionDate "2014.10.17"]
[SourceQuality "1"]

1. e4 c5 2. Nf3 d6 3. d4 cxd4 4. Qxd4 Nc6 5. Bb5 Bd7 6. Bxc6 Bxc6 7. Nc3 Nf6 8. Bg5 e6 9. 0-0-0 Be7 10. Rhe1 Qb6 11. Qd2 0-0 12. Nd4 Rac8 13. Kb1 Rfe8 14. f3 a5 15. g4 a4 16. Nxc6 Qxc6 17. Ne2 a3 18. Nd4 Qc5 19. Be3 axb2 20. Nf5 Qc4 21. Nxe7+ Rxe7 22. Qd3 Qa4 23. Qb3 Qa6 24. Qb6 Qc4 25. Qb3 Qc6 26. Bg5 Rcc7 27. Bxf6 gxf6 28. Rd2 Qc5 29. Qxb2 Rc6 30. Kc1 Qg5 31. Kd1 Qf4 32. Rf1 Rec7 33. Qd4 Ra6 34. h4 Rxa2 35. g5 fxg5 36. Rg2 Qxh4 37. Rxg5+ Qxg5 0-1

[Event "Juiz de Fora op"]
[Site "Juiz de Fora"]
[Date "2014.09.27"]
[Round "4"]
[White "Gomes, Luiz Alexandre"]
[Black "Rezende, Guilherme Vilela"]
[Result "1/2-1/2"]
[WhiteElo "2337"]
[BlackElo "2101"]
[PlyCount "40"]
[EventDate "2014.09.26"]
[EventType "swiss"]
[EventRounds "6"]
[EventCountry "BRA"]
[SourceTitle "CBM 162 Extra"]
[Source "ChessBase"]
[SourceDate "2014.10.17"]
[SourceVersion "1"]
[SourceVersionDate "2014.10.17"]
[SourceQuality "1"]

1. e4 c5 2. Nf3 d6 3. d4 cxd4 4. Nxd4 Nf6 5. Nc3 a6 6. Be2 e5 7. Nb3 Be7 8. 0-0 0-0 9. a4 b6 10. Be3 Bb7 11. Qd3 Nbd7 12. Rad1 Qc7 13. f3 Rac8 14. g4 h6 15. h4 d5 16. g5 hxg5 17. hxg5 d4 18. gxf6 Nxf6 19. Nd5 Nxd5 20. exd5 e4 1/2-1/2

[Event "Porto Seguro op"]
[Site "Porto Seguro"]
[Date "2014.09.14"]
[Round "6"]
[White "Amaral, Caico Soares"]
[Black "Rezende, Guilherme Vilela"]
[Result "0-1"]
[WhiteElo "1793"]
[BlackElo "2101"]
[PlyCount "94"]
[EventDate "2014.09.12"]
[EventType "swiss"]
[EventRounds "6"]
[EventCountry "BRA"]
[SourceTitle "CBM 162 Extra"]
[Source "ChessBase"]
[SourceDate "2014.10.17"]
[SourceVersion "1"]
[SourceVersionDate "2014.10.17"]
[SourceQuality "1"]

1. e4 c5 2. Nf3 d6 3. Be2 Nf6 4. Nc3 e5 5. d3 Be7 6. Bg5 0-0 7. 0-0 Nc6 8. Bxf6 Bxf6 9. Nd5 Be6 10. c4 g6 11. Nxf6+ Qxf6 12. a3 h5 13. Qd2 Kg7 14. Ne1 Nd4 15. Bd1 g5 16. Nf3 Nxf3+ 17. Bxf3 Rh8 18. b4 b6 19. Bd1 h4 20. f3 Qf4 21. Qf2 Rh6 22. Ba4 Rc8 23. Bb5 Rg6 24. h3 f5 25. Rac1 Rf8 26. Bc6 g4 27. exf5 g3 28. Qe2 Qd4+ 29. Kh1 Bxf5 30. Be4 Rgf6 31. Bxf5 Rxf5 32. Qe4 Rf4 33. Qe2 a6 34. Rfe1 Kg6 35. Qc2 Kf6 36. Re4 Rxe4 37. dxe4 Qe3 38. Rd1 Kg5 39. Qd2 Qxd2 40. Rxd2 Kf4 41. Rxd6 cxb4 42. axb4 Rc8 43. Kg1 Rxc4 44. Kf1 Ke3 45. Rd1 Rxb4 46. Re1+ Kf4 47. Ra1 a5 0-1

[Event "Porto Seguro op"]
[Site "Porto Seguro"]
[Date "2014.09.13"]
[Round "4"]
[White "Freitas, Remulo Aguiar"]
[Black "Rezende, Guilherme Vilela"]
[Result "0-1"]
[WhiteElo "1950"]
[BlackElo "2101"]
[PlyCount "126"]
[EventDate "2014.09.12"]
[EventType "swiss"]
[EventRounds "6"]
[EventCountry "BRA"]
[SourceTitle "CBM 162 Extra"]
[Source "ChessBase"]
[SourceDate "2014.10.17"]
[SourceVersion "1"]
[SourceVersionDate "2014.10.17"]
[SourceQuality "1"]

1. d4 Nf6 2. e3 g6 3. c4 Bg7 4. Nc3 0-0 5. g3 d5 6. Nf3 c5 7. Bg2 cxd4 8. exd4 Nc6 9. c5 Bg4 10. h3 Bf5 11. Nh4 Be6 12. Be3 Qd7 13. Nf3 Ne4 14. Ne2 f6 15. Nd2 f5 16. f3 Nxg3 17. Nxg3 f4 18. Bxf4 Rxf4 19. Ne2 Rf7 20. Nf1 b6 21. Rc1 Bh6 22. Rc3 bxc5 23. Rxc5 Rb8 24. b3 a5 25. h4 Rf6 26. Nh2 Bg7 27. Ng4 Rff8 28. h5 Bf5 29. hxg6 Bxg6 30. Ne3 e6 31. Kf2 a4 32. Bh3 Nb4 33. Kg2 Nd3 34. Rc3 Nf4+ 35. Nxf4 Rxf4 36. Nc2 axb3 37. axb3 Ra8 38. Re1 Bf5 39. Bxf5 Rxf5 40. Qd2 Ra2 41. Ra1 Rxa1 42. Nxa1 Qd8 43. f4 Qh4 44. Qe2 Rf6 45. Rg3 Qxf4 46. Nc2 Kf7 47. Rg4 Rg6 48. Rxg6 hxg6 49. Qf3 Qf5 50. Qc3 Qe4+ 51. Kf2 g5 52. Qf3+ Qf5 53. b4 Ke7 54. Qxf5 exf5 55. Kf3 Ke6 56. b5 g4+ 57. Kg3 Bf8 58. b6 Bd6+ 59. Kg2 f4 60. b7 Kf5 61. Nb4 f3+ 62. Kf2 Ke4 63. Nc6 g3+ 0-1

[Event "Campo Grande op 2nd"]
[Site "Campo Grande"]
[Date "2014.09.06"]
[Round "2"]
[White "Ferreira, Rodrigo Maycon Mira"]
[Black "Rezende, Guilherme Vilela"]
[Result "0-1"]
[WhiteElo "1848"]
[BlackElo "2101"]
[PlyCount "86"]
[EventDate "2014.09.05"]
[EventType "swiss"]
[EventRounds "5"]
[EventCountry "BRA"]
[SourceTitle "CBM 162 Extra"]
[Source "ChessBase"]
[SourceDate "2014.10.17"]
[SourceVersion "1"]
[SourceVersionDate "2014.10.17"]
[SourceQuality "1"]

1. e4 c5 2. Nf3 d6 3. d4 cxd4 4. Nxd4 Nf6 5. Nc3 a6 6. Bg5 Nbd7 7. f4 Qa5 8. Bd3 Qb6 9. Nb3 h6 10. Bxf6 Qe3+ 11. Qe2 Qxe2+ 12. Kxe2 gxf6 13. Nd5 Rb8 14. Nd4 e6 15. Ne3 h5 16. b4 Bh6 17. g3 Bg7 18. Rab1 f5 19. c3 fxe4 20. Bxe4 Nf6 21. Bf3 Bd7 22. b5 Ke7 23. Rhd1 Rhc8 24. Kd3 d5 25. c4 dxc4+ 26. Nxc4 axb5 27. Nxb5 Ng4 28. Bxg4 hxg4 29. Nbd6 Rc7 30. Rb6 Bc6 31. Ne5 Kxd6 32. Ke3+ Ke7 33. Nxg4 Ra8 34. Rd2 Ra3+ 35. Kf2 Rxa2 36. Rxa2 Bd4+ 37. Ke1 Bxb6 38. Ne5 Bb5 39. Kd2 Bd4 40. Nf3 Bc3+ 41. Ke3 Bc4 42. Ra7 Ba6 43. h4 Rc8 0-1

[Event "Betim Montanhas"]
[Site "Betim"]
[Date "2014.03.30"]
[Round "7"]
[White "Campos, Igor Ribeiro"]
[Black "Rezende, Guilherme Vilela"]
[Result "1-0"]
[WhiteElo "2154"]
[BlackElo "2110"]
[PlyCount "90"]
[EventDate "2014.03.28"]
[EventType "tourn"]
[EventRounds "9"]
[EventCountry "BRA"]
[SourceTitle "EXT 2016"]
[Source "ChessBase"]
[SourceDate "2015.10.08"]
[SourceVersion "1"]
[SourceVersionDate "2015.10.08"]
[SourceQuality "1"]

1. c4 c5 2. Nc3 g6 3. g3 Bg7 4. Bg2 Nc6 5. d3 e6 6. Bf4 e5 7. Bd2 Nge7 8. Qc1 0-0 9. Bh6 Bxh6 10. Qxh6 Nf5 11. Qd2 d6 12. h4 h5 13. Nh3 Kg7 14. 0-0-0 Be6 15. Ng5 Qe7 16. Rdg1 Rab8 17. e3 Nb4 18. a3 Nc6 19. Bf3 Na5 20. Qd1 b5 21. Nxe6+ fxe6 22. cxb5 a6 23. g4 Nxh4 24. gxh5 Nxf3 25. hxg6 Nh4 26. Qa4 Nb3+ 27. Qxb3 Rxf2 28. Qa4 Nxg6 29. Rxg6+ Kxg6 30. Qg4+ Qg5 31. Qxg5+ Kxg5 32. Ne4+ Kg4 33. Nxf2+ Kf3 34. Ne4 Kxe3 35. Rh3+ Kd4 36. bxa6 c4 37. Nxd6 cxd3 38. a7 Rg8 39. Nb5+ Kc4 40. Nc7 Rg1+ 41. Kd2 Rg2+ 42. Ke1 Rg1+ 43. Kf2 d2 44. Rc3+ Kd4 45. Nb5+ Ke4 1-0

[Event "Betim Montanhas"]
[Site "Betim"]
[Date "2014.03.28"]
[Round "3"]
[White "Goncalves, Ruy Jose Furst"]
[Black "Rezende, Guilherme Vilela"]
[Result "0-1"]
[WhiteElo "1693"]
[BlackElo "2110"]
[PlyCount "32"]
[EventDate "2014.03.28"]
[EventType "tourn"]
[EventRounds "9"]
[EventCountry "BRA"]
[SourceTitle "EXT 2016"]
[Source "ChessBase"]
[SourceDate "2015.10.08"]
[SourceVersion "1"]
[SourceVersionDate "2015.10.08"]
[SourceQuality "1"]

1. f4 Nf6 2. Nf3 g6 3. d4 Bg7 4. e3 d6 5. c4 0-0 6. Bd3 Nbd7 7. 0-0 e5 8. fxe5 dxe5 9. dxe5 Ng4 10. e6 fxe6 11. Nd4 Qh4 12. h3 Rxf1+ 13. Qxf1 Nxe3 14. Bxe3 Bxd4 15. Bf2 e5 16. g3 Qxg3+ 0-1